Normal view
MARC view
- Wright, Bailey Auera
Entry Personal Name
001 - CONTROL NUMBER
- control field: 41975
003 - CONTROL NUMBER IDENTIFIER
- control field: NUST
005 - DATE AND TIME OF LATEST TRANSACTION
- control field: 20210314132203.0
008 - FIXED-LENGTH DATA ELEMENTS
- fixed length control field: 210314|| aca||aabn | a|a d
040 ## - CATALOGING SOURCE
- Original cataloging agency: NUST
- Transcribing agency: NUST
100 ## - HEADING--PERSONAL NAME
- Personal name: Wright, Bailey Auera
670 ## - SOURCE DATA FOUND
- Source citation: Work cat.: (NUST): Shuman, John Theodore, 41971, Fundamental shop training for those preparing for war service, 1943.
